Guess the 1970s song lyrics #217 - Statistics

General Stats
  • This quiz has been taken 18 times
  • The average score is 69 of 108
Answer Stats
Answer % Correct
I
100%
on
93%
can't
87%
it
87%
the
80%
this
80%
me
73%
of
73%
to
73%
door
67%
I'm
67%
It's
67%
Knock
67%
knock
67%
knockin
67%
see
67%
take
67%
too
67%
anymore
60%
feel
60%
heaven's
60%
in
60%
off
60%
That
60%
them
60%
is
53%
Mama
53%
my
53%
Ooh
53%
use
53%
dark
47%
getting
47%
shoot
40%
down
33%
guns
33%
put
33%
badge
27%
coming
20%
ground
20%
long
20%
black
13%
cloud
13%
upon
13%
No matching quizzes found
Score Distribution
Percent of People with Each Score
Percentile by Number Answered
Your Score History
You have not taken this quiz